000
00317nam a2200133Ia 4500
005
20260328104337.0
008
260328s9999||||xx |||||||||||||| ||und||
100
_a
De Sagredo, Diego
245
0
_a
Medidas del Romano /
_c
Diego De Sagredo
260
_b
Facsimilar
300
_a
78 p.
650
_a
ROMA
942
_c
BK
999
_c
11953
_d
11953